000 00586cam a22002057a 4500
001 001902
003 armpunfd
005 20140612090653.0
008 060330e0####xx#a##########000#0#und#d
040 _aarmpunfd
_carmpunfd
080 _a342.72/.73 - 053.7 IN 3
245 1 0 _aInfancia y reforma legal : en la provincia de buenos aires (2000-2005)
260 _a Nicef/ Fundacion Sur Argentina
_b2005.
650 7 _a Ley 12.067
_2LEMB
650 7 _a Ley 13.298
_2LEMB
650 7 _a Menores
_2LEMB
650 7 _a Minoridad
_2LEMB
942 _cLB
_2cdu
945 _aCatalis
_d2010-08-19
999 _c1893
_d232397